| 000 | 00467nam a2200193Ia 4500 | ||
|---|---|---|---|
| 008 | 131103s9999 xx 000 0 und d | ||
| 020 | _a0-246-12495-4 | ||
| 040 | _aLoreto College | ||
| 041 | _aEnglish | ||
| 082 |
_aREF _bLCBED/10344 |
||
| 100 | _aParker, Steve | ||
| 245 |
_aLight _cSteve Parker |
||
| 260 |
_aLondon _bGrananda _c1985 |
||
| 300 |
_a43p _b ill. _c 21 cm. |
||
| 440 | _aStep in to science | ||
| 650 | _aREF | ||
| 850 | _aLCBED/REF | ||
| 942 | _cBK | ||
| 999 |
_c33618 _d84097 |
||